Statistics for Taylor Swift - Style Lyrics

Click here to take the quiz!

General Stats

  • This quiz has been taken 185 times
  • The average score is 352 of 381

Answer Stats

Answer% Correct
A
98%
a
98%
eye
98%
go
98%
I"
98%
"I
98%
I
98%
style
98%
that
98%
you
98%
You
98%
girl
97%
girl"
97%
got
97%
in
97%
me
97%
never
97%
of
97%
out
97%
Out
97%
we
97%
We
97%
And
96%
and
96%
back
96%
come
96%
good
96%
thing
96%
'Cause
95%
'cause
95%
hair
95%
He
95%
like
95%
lip
95%
long
95%
look
95%
oh
95%
Oh
95%
red
95%
time
95%
t-shirt
95%
when
95%
white
95%
your
95%
classic
94%
Dean
94%
every
94%
James
94%
little
94%
Midnight
94%
no
94%
pick
94%
down
93%
So
93%
the
93%
The
93%
but
92%
daydream
92%
eyes
92%
it
92%
skirt
92%
take
92%
Take
92%
drive
91%
Heard
91%
heard
91%
to
91%
up
91%
been
89%
headlights
89%
home
89%
It's
89%
other
89%
"What
89%
you've
89%
can't
88%
crashing
88%
on
88%
some
88%
Some
88%
his
87%
times"
87%
with
87%
is
86%
just
86%
Just
86%
tight
86%
true
86%
about
85%
from
85%
"I've
85%
say
85%
thinking
85%
while
85%
even
84%
few
84%
road
84%
said
84%
since
84%
slicked
84%
keep
83%
there
83%
goes
82%
have
82%
paradise
82%
stop
82%
know
81%
Takes
81%
too
81%
leave
79%
off
79%
says
79%
wild
79%
where
78%
'bout
77%
'round
77%
each
76%
end
76%
exactly
76%
faith
76%
he's
76%
Yeah
76%
view
75%
or
74%
flames
73%
into
73%
leads
73%
tell
73%
watch
72%
burning
71%
Fade
71%
taking
70%
should
69%
could
68%
coat
67%
lights
67%
are
66%
us
66%
mmm
43%
woah
42%

Score Distribution

Percentile by Number Answered

Percent of People with Each Score

Your Score History

You have not taken this quiz